A hazai kávéházlátogatási és kávéfogyasztási szokások elemzése

Bibliográfiai részletek
Szerző: Szabó Kitti Karina
További közreműködők: Szántó dr Szilvia
Dokumentumtípus: Diplomadolgozat
Kulcsszavak:Kávé
Kávéház
Újhullámos kávézás
Fogyasztási szokások
Online Access:http://dolgozattar.uni-bge.hu/10062

MARC

LEADER 00000nta a2200000 i 4500
001 dolg10062
005 20170829104336.0
008 170502suuuu hu om 000 hun d
040 |a BGE Dolgozattár Repozitórium  |b hun 
041 |a hu 
100 1 |a Szabó Kitti Karina 
245 1 2 |a A hazai kávéházlátogatási és kávéfogyasztási szokások elemzése  |c Szabó Kitti Karina  |h [elektronikus dokumentum] 
695 |a Kávé  
695 |a Kávéház 
695 |a Újhullámos kávézás 
695 |a Fogyasztási szokások 
700 1 |a Szántó dr Szilvia  |e ths 
856 4 0 |u http://dolgozattar.uni-bge.hu/10062/1/szakdolgozatfelt%C3%B6lteni.pdf  |z Dokumentum-elérés